000 00720nam a2200277Ia 4500
005 20260324144553.0
008 008 260324s9999 xx 000 0 eng d
020 _a9780429338069
037 _aEBOOK
040 _aCRL
040 _beng
040 _cCRL
041 _2eng
041 _aeng
084 _qCRL
100 _aManfred Holthus; Dietrich Kebschull; Karl Wolfgang Menck
_91219815
245 0 _aMultilateral Investment Insurance and Private Investment in the Third World
260 _bTaylor and Francis
260 _c1987
365 _a
365 _b205
856 _uhttp://www.taylorfrancis.com/books/9780429338069
942 _cEBOOK
999 _c1826582
_d1826582